Lord Huron - Dead Man's Hand Lyrics - Statistics

General Stats
  • This quiz has been taken 35 times
  • The average score is 195 of 243
Answer Stats
Answer % Correct
a
100%
dead
100%
he
100%
He
100%
I
100%
in
100%
In
100%
the
100%
and
95%
And
95%
hand
95%
man's
95%
mans
95%
So
95%
to
95%
back
89%
But
89%
but
89%
his
89%
no
89%
of
89%
out
89%
was
89%
Was
89%
with
89%
arm
84%
don't
84%
how
84%
live
84%
me
84%
my
84%
where
84%
afterlife
79%
any
79%
choice
79%
cry
79%
desert
79%
die
79%
east
79%
end
79%
from
79%
grabbed
79%
grave
79%
heading
79%
here
79%
him
79%
I'd
79%
if
79%
into
79%
know
79%
lie
79%
life
79%
night
79%
said
79%
smell
79%
starting
79%
there
79%
they
79%
void
79%
wanna
79%
west
79%
You
79%
you
79%
ain't
74%
already
74%
belt
74%
bury
74%
come
74%
endless
74%
friend
74%
got
74%
hair
74%
I'm
74%
Just
74%
just
74%
knife
74%
sand
74%
slicked
74%
Though
74%
thrills
74%
trip
74%
tucked
74%
as
68%
coyotes
68%
felt
68%
going
68%
living
68%
never
68%
or
68%
rest
68%
right
68%
road
68%
stared
68%
that
68%
up
68%
eyes
63%
forever
63%
goodbye
63%
hell
63%
kid
63%
lay
63%
like
63%
Saw
63%
soul
63%
Sure
63%
tired
63%
unforgiven
63%
waved
63%
will
63%
down
58%
I'll
58%
keep
58%
open
58%
thought
58%
Trying
58%
wander
58%
weary
58%
wide
58%
worn
58%
yards
58%
about
53%
ahead
53%
days
53%
gone
53%
lift
53%
roam
53%
twenty
53%
without
53%
laid
47%
lines
47%
looking
47%
til
47%
by
42%
moon
42%
through
42%
walked
42%
Yellow
42%
ages
37%
Lit
32%
lying
32%
bad
26%
haunting
26%
No matching quizzes found
Score Distribution
Percent of People with Each Score
Percentile by Number Answered
Your Score History
You have not taken this quiz